[Event "Hasselbacken op"]
[Site "Stockholm"]
[Date "2016.04.30"]
[Round "1"]
[White "Lindberg, Bo"]
[Black "Wahlstedt, Mats"]
[Result "1-0"]
[WhiteElo "2397"]
[BlackElo "1956"]
[PlyCount "61"]
[EventDate "2016.04.30"]
[EventType "swiss"]
[EventRounds "9"]
[EventCountry "SWE"]
[SourceTitle "CBM 172 Extra"]
[Source "ChessBase"]
[SourceDate "2016.06.21"]
[SourceVersion "1"]
[SourceVersionDate "2016.06.21"]
[SourceQuality "1"]

1. d4 Nf6 2. Bg5 c5 3. Nc3 cxd4 4. Qxd4 Nc6 5. Qh4 Qa5 6. 0-0-0 h6 7. Bxf6 gxf6 8. Kb1 Qb4 9. Qg3 e6 10. e4 a6 11. Nge2 h5 12. h4 Qa5 13. Nf4 Ne7 14. Be2 Qe5 15. Qf3 Ng6 16. Nxh5 Be7 17. g3 b5 18. Nf4 Bb7 19. Nxg6 fxg6 20. Qd3 0-0-0 21. f4 Qc5 22. Bf3 Bc6 23. a3 a5 24. Ne2 Kc7 25. Nd4 a4 26. c3 Kb6 27. Qe2 Qc4 28. Qg2 Qc5 29. Rhf1 Kc7 30. e5 f5 31. Bxc6 1-0

[Event "Oslo op-B"]
[Site "Oslo"]
[Date "2014.09.28"]
[Round "3"]
[White "Huse, Sigurd Kjelsbol"]
[Black "Wahlstedt, Mats"]
[Result "1/2-1/2"]
[WhiteElo "1720"]
[BlackElo "1980"]
[PlyCount "59"]
[EventDate "2014.09.28"]
[EventType "swiss"]
[EventRounds "9"]
[EventCountry "NOR"]
[SourceTitle "EXT 2017"]
[Source "ChessBase"]
[SourceDate "2016.10.25"]
[SourceVersion "1"]
[SourceVersionDate "2016.10.25"]
[SourceQuality "1"]

1. e4 c5 2. Nf3 e6 3. d4 cxd4 4. Nxd4 a6 5. c4 Nf6 6. Nc3 Qc7 7. Be3 Bb4 8. f3 0-0 9. Be2 d5 10. exd5 exd5 11. Qb3 Qe7 12. Nc2 Nc6 13. cxd5 Bf5 14. dxc6 Bxc2 15. Qxc2 Qxe3 16. cxb7 Rad8 17. a3 Ba5 18. b4 Bb6 19. Rf1 Bd4 20. Rc1 Rfe8 21. Nb1 Nd5 22. Qd2 Nf4 23. Rc8 Rxc8 24. bxc8Q Rxc8 25. Qxe3 Bxe3 26. Bd1 Nxg2+ 27. Ke2 Bc1 28. Bb3 Nf4+ 29. Kf2 Kf8 30. Rd1 1/2-1/2

[Event "EU-ch Seniors 13th"]
[Site "Plovdiv"]
[Date "2013.03.16"]
[Round "6"]
[White "Wahlstedt, Mats"]
[Black "White, Alastair F"]
[Result "0-1"]
[WhiteElo "1984"]
[BlackElo "2107"]
[PlyCount "134"]
[EventDate "2013.03.11"]
[EventType "swiss"]
[EventRounds "9"]
[EventCountry "BUL"]
[SourceTitle "CBM 153 Extra"]
[Source "ChessBase"]
[SourceDate "2013.04.22"]
[SourceVersion "1"]
[SourceVersionDate "2013.04.22"]
[SourceQuality "1"]

1. e4 e5 2. Nf3 Nc6 3. Bb5 Bb4 4. 0-0 Nge7 5. d3 0-0 6. c4 a6 7. Ba4 d6 8. a3 Bc5 9. b4 Ba7 10. Qc2 Bg4 11. b5 Nd4 12. Nxd4 Bxd4 13. Ra2 c5 14. bxa6 Rxa6 15. Bb5 Ra8 16. Nc3 f5 17. exf5 Bxc3 18. Qxc3 Nxf5 19. f3 Bh5 20. g4 Nd4 21. gxh5 Qh4 22. Raf2 Rxf3 23. Qe1 Raf8 24. Kg2 Qg4+ 25. Kh1 Rxf2 26. Rxf2 Rxf2 27. Qxf2 Qd1+ 28. Qg1 Qxg1+ 29. Kxg1 Ne2+ 30. Kf2 Nxc1 31. Ke3 Nb3 32. Ke4 Kf7 33. Bd7 Ke7 34. Bc8 b6 35. Bf5 Nd2+ 36. Kd5 Nb1 37. Kc6 Nxa3 38. Bxh7 Nc2 39. Kxb6 Nd4 40. Kc7 Ne6+ 41. Kc6 Nf4 42. Bg6 Ke6 43. Kb5 Ne2 44. Kb6 Nd4 45. Be4 Nb3 46. Kc7 Ke7 47. Kc6 Nd4+ 48. Kc7 Ne6+ 49. Kc6 Nf4 50. Bg6 Ke6 51. Kb5 Nh3 52. Kc6 Nf2 53. h4 Nh3 54. Bh7 Nf4 55. Bg6 Ng2 56. Bh7 Nxh4 57. Bg8+ Ke7 58. Kd5 Ng2 59. Ke4 Nf4 60. Kf5 Nxh5 61. Bd5 Nf4 62. Be4 Kf7 63. Kg5 g6 64. Kg4 Kf6 65. Kf3 Kg5 66. Kg3 Nh5+ 67. Kf3 Nf6 0-1